000 00283nam a2200109Ia 4500
008 230822s1927 xx 000 0 und d
041 _aeng
100 _aIX TH VOL.I
245 _aCYCLOPEDIA CIVIL ENGINEERING
260 _bAMERICAN SOCIETY OF PLANT PHYSIOLOGISTS
_c1927
300 _a1
999 _c861821
_d861821